The effects of co-prescription of pantoprazole on the clozapine metabolism
BACKGROUND: Polypharmacy including somatic medications such as proton pump inhibitors is a common phenomenon in psychiatric care. The aim of this study was to evaluate the pantoprazole effects on clozapine metabolism. METHODS: A large therapeutic drug-monitoring database containing plasma concentrat...
Saved in:
| Main Authors: | , , , , , , |
|---|---|
| Format: | Article (Journal) |
| Language: | English |
| Published: |
2020
|
| In: |
Pharmacopsychiatry
Year: 2020, Volume: 53, Issue: 2, Pages: 65-70 |
| ISSN: | 1439-0795 |
| DOI: | 10.1055/a-1021-8827 |
| Online Access: | Verlag, lizenzpflichtig, Volltext: https://doi.org/10.1055/a-1021-8827 Verlag, lizenzpflichtig, Volltext: https://www.thieme-connect.com/products/ejournals/abstract/10.1055/a-1021-8827 |
| Author Notes: | Maxim Kuzin, Georgios Schoretsanitis, Ekkehard Haen, Gerhard Dammann, Christoph Hiemke, Gerhard Gründer, Michael Paulzen |
MARC
| LEADER | 00000caa a2200000 c 4500 | ||
|---|---|---|---|
| 001 | 174556862X | ||
| 003 | DE-627 | ||
| 005 | 20241229020658.0 | ||
| 007 | cr uuu---uuuuu | ||
| 008 | 210125s2020 xx |||||o 00| ||eng c | ||
| 024 | 7 | |a 10.1055/a-1021-8827 |2 doi | |
| 035 | |a (DE-627)174556862X | ||
| 035 | |a (DE-599)KXP174556862X | ||
| 035 | |a (OCoLC)1341389231 | ||
| 040 | |a DE-627 |b ger |c DE-627 |e rda | ||
| 041 | |a eng | ||
| 084 | |a 33 |2 sdnb | ||
| 100 | 1 | |a Kuzin, Maxim |d 1985- |e VerfasserIn |0 (DE-588)1154710564 |0 (DE-627)1016112300 |0 (DE-576)501187200 |4 aut | |
| 245 | 1 | 4 | |a The effects of co-prescription of pantoprazole on the clozapine metabolism |c Maxim Kuzin, Georgios Schoretsanitis, Ekkehard Haen, Gerhard Dammann, Christoph Hiemke, Gerhard Gründer, Michael Paulzen |
| 264 | 1 | |c 2020 | |
| 300 | |a 6 | ||
| 336 | |a Text |b txt |2 rdacontent | ||
| 337 | |a Computermedien |b c |2 rdamedia | ||
| 338 | |a Online-Ressource |b cr |2 rdacarrier | ||
| 500 | |a Gesehen am 25.01.2021 | ||
| 520 | |a BACKGROUND: Polypharmacy including somatic medications such as proton pump inhibitors is a common phenomenon in psychiatric care. The aim of this study was to evaluate the pantoprazole effects on clozapine metabolism. METHODS: A large therapeutic drug-monitoring database containing plasma concentrations of CLZ was analyzed. The results were stratified into four groups: a non-smoking (n=250) and a smoking group (n=326), and two groups co-medicated with pantoprazole: non-smokers (n=26) and smokers (n=29). The analysis was based on the non-parametrical Mann-Whitney U test (M-W-U) with a significance level of 0.05. RESULTS: Differences reached statistical significance for pharmacokinetic parameters between CLZ monotherapy and co-medication with pantoprazole neither in smokers nor in non-smokers (p>0.05 for M-W-U in pairwise comparisons). In patients with clozapine monotherapy, smokers had a higher daily dosage of CLZ compared to non-smokers (mean dosage 363±181 vs. 291±145 mg/day, p<0.001 for M-W-U). CONCLUSIONS: Adding pantoprazole to an ongoing treatment with clozapine does not alter the metabolism of clozapine to a significant extent. | ||
| 650 | 4 | |a Aged | |
| 650 | 4 | |a Aged, 80 and over | |
| 650 | 4 | |a Female | |
| 650 | 4 | |a Humans | |
| 650 | 4 | |a Male | |
| 650 | 4 | |a Middle Aged | |
| 650 | 4 | |a Adult | |
| 650 | 4 | |a Antipsychotic Agents | |
| 650 | 4 | |a Clozapine | |
| 650 | 4 | |a Databases, Factual | |
| 650 | 4 | |a Drug Interactions | |
| 650 | 4 | |a Drug Monitoring | |
| 650 | 4 | |a Pantoprazole | |
| 650 | 4 | |a Proton Pump Inhibitors | |
| 650 | 4 | |a Smokers | |
| 650 | 4 | |a Young Adult | |
| 700 | 1 | |8 1\p |a Schoretsanitēs, Geōrgios |d 1953- |e VerfasserIn |0 (DE-588)1169687679 |0 (DE-627)1035290197 |0 (DE-576)512198446 |4 aut | |
| 700 | 1 | |a Haen, Ekkehard |e VerfasserIn |4 aut | |
| 700 | 1 | |a Dammann, Gerhard |e VerfasserIn |4 aut | |
| 700 | 1 | |a Hiemke, Christoph |e VerfasserIn |4 aut | |
| 700 | 1 | |a Gründer, Gerhard |e VerfasserIn |0 (DE-588)1078251037 |0 (DE-627)838195350 |0 (DE-576)449927644 |4 aut | |
| 700 | 1 | |a Paulzen, Michael |e VerfasserIn |4 aut | |
| 773 | 0 | 8 | |i Enthalten in |t Pharmacopsychiatry |d Stuttgart [u.a.] : Thieme, 1984 |g 53(2020), 2, Seite 65-70 |h Online-Ressource |w (DE-627)326977503 |w (DE-600)2041961-2 |w (DE-576)26359355X |x 1439-0795 |7 nnas |a The effects of co-prescription of pantoprazole on the clozapine metabolism |
| 773 | 1 | 8 | |g volume:53 |g year:2020 |g number:2 |g pages:65-70 |g extent:6 |a The effects of co-prescription of pantoprazole on the clozapine metabolism |
| 856 | 4 | 0 | |u https://doi.org/10.1055/a-1021-8827 |x Verlag |x Resolving-System |z lizenzpflichtig |3 Volltext |
| 856 | 4 | 0 | |u https://www.thieme-connect.com/products/ejournals/abstract/10.1055/a-1021-8827 |x Verlag |z lizenzpflichtig |3 Volltext |
| 883 | |8 1\p |a cgwrk |d 20241001 |q DE-101 |u https://d-nb.info/provenance/plan#cgwrk | ||
| 951 | |a AR | ||
| 992 | |a 20210125 | ||
| 993 | |a Article | ||
| 994 | |a 2020 | ||
| 998 | |g 1078251037 |a Gründer, Gerhard |m 1078251037:Gründer, Gerhard |d 60000 |e 60000PG1078251037 |k 0/60000/ |p 6 | ||
| 999 | |a KXP-PPN174556862X |e 3841964370 | ||
| BIB | |a Y | ||
| SER | |a journal | ||
| JSO | |a {"person":[{"display":"Kuzin, Maxim","family":"Kuzin","given":"Maxim","role":"aut"},{"family":"Schoretsanitēs","display":"Schoretsanitēs, Geōrgios","given":"Geōrgios","role":"aut"},{"display":"Haen, Ekkehard","family":"Haen","given":"Ekkehard","role":"aut"},{"given":"Gerhard","role":"aut","family":"Dammann","display":"Dammann, Gerhard"},{"given":"Christoph","role":"aut","display":"Hiemke, Christoph","family":"Hiemke"},{"given":"Gerhard","role":"aut","family":"Gründer","display":"Gründer, Gerhard"},{"given":"Michael","role":"aut","family":"Paulzen","display":"Paulzen, Michael"}],"id":{"doi":["10.1055/a-1021-8827"],"eki":["174556862X"]},"physDesc":[{"extent":"6 S."}],"type":{"media":"Online-Ressource","bibl":"article-journal"},"note":["Gesehen am 25.01.2021"],"title":[{"title":"The effects of co-prescription of pantoprazole on the clozapine metabolism","title_sort":"effects of co-prescription of pantoprazole on the clozapine metabolism"}],"origin":[{"dateIssuedKey":"2020","dateIssuedDisp":"2020"}],"recId":"174556862X","name":{"displayForm":["Maxim Kuzin, Georgios Schoretsanitis, Ekkehard Haen, Gerhard Dammann, Christoph Hiemke, Gerhard Gründer, Michael Paulzen"]},"language":["eng"],"relHost":[{"language":["eng"],"disp":"The effects of co-prescription of pantoprazole on the clozapine metabolismPharmacopsychiatry","origin":[{"dateIssuedDisp":"1984-","dateIssuedKey":"1984","publisherPlace":"Stuttgart [u.a.]","publisher":"Thieme"}],"part":{"issue":"2","year":"2020","extent":"6","text":"53(2020), 2, Seite 65-70","pages":"65-70","volume":"53"},"recId":"326977503","note":["Gesehen am 05.07.22"],"type":{"media":"Online-Ressource","bibl":"periodical"},"title":[{"title":"Pharmacopsychiatry","subtitle":"clinical pharmacology, psychiatry, psychology, neurophysiology, neurobiology, gerontopsychiatry ; official organ of Arbeitsgemeinschaft Neuropsychopharmakologie und Pharmakopsychiatrie (AGNP)","title_sort":"Pharmacopsychiatry"}],"physDesc":[{"extent":"Online-Ressource"}],"id":{"eki":["326977503"],"zdb":["2041961-2"],"issn":["1439-0795"],"doi":["10.1055/s-00000054"]},"pubHistory":["17.1984 -"]}]} | ||
| SRT | |a KUZINMAXIMEFFECTSOFC2020 | ||